Colleges of Arkansas Quiz Stats

 Plays Quiz not verified by Sporcle

Challenge
Share
Tweet
Score 0/21 Timer 10:00
0 Plays Today
% Correct
University of Arkansas
95.9%
Arkansas State University
89.2%
University of Arkansas at Pine Bluff
75.7%
University of Central Arkansas
75.7%
University of Arkansas at Monticello
71.6%
Arkansas Tech University
68.9%
Hendrix College
67.6%
Ouachita Baptist University
64.9%
Henderson State University
63.5%
Southern Arkansas University
63.5%
University of Arkansas at Little Rock
60.8%
% Correct
Harding University
58.1%
University of Arkansas at Fort Smith
47.3%
Lyon College
41.9%
Central Baptist College
40.5%
Arkansas Baptist College
35.1%
John Brown University
31.1%
University of the Ozarks
31.1%
Philander Smith College
29.7%
Williams Baptist College
28.4%
Ecclesia College
10.8%

You're not logged in!

Compare scores with friends on all Sporcle quizzes.
Join for Free
OR
Log In

You Might Also Like...

Show Comments

Extras

Top Quizzes Today


Score Distribution

Your Account Isn't Verified!

In order to create a playlist on Sporcle, you need to verify the email address you used during registration. Go to your Sporcle Settings to finish the process.

Report this User

Report this user for behavior that violates our Community Guidelines.

Details: